<?xml version="1.0" encoding="UTF-8"?>
<record
    xmlns:xsi="http://www.w3.org/2001/XMLSchema-instance"
    xsi:schemaLocation="http://www.loc.gov/MARC21/slim http://www.loc.gov/standards/marcxml/schema/MARC21slim.xsd"
    xmlns="http://www.loc.gov/MARC21/slim">

  <leader>015050000a22002290004500</leader>
  <controlfield tag="001">17673</controlfield>
  <datafield tag="020" ind1=" " ind2=" ">
    <subfield code="a">0-7494-3671-9</subfield>
  </datafield>
  <datafield tag="041" ind1="0" ind2=" ">
    <subfield code="a">eng.</subfield>
  </datafield>
  <datafield tag="082" ind1="0" ind2="4">
    <subfield code="a">G 378.17 B87717m</subfield>
  </datafield>
  <datafield tag="100" ind1="1" ind2=" ">
    <subfield code="a">Brown, Sally, 1950 Feb. 1- </subfield>
  </datafield>
  <datafield tag="245" ind1="1" ind2="0">
    <subfield code="a">Lecturing : a practical guide / Sally Brown &amp; Phil Race. </subfield>
  </datafield>
  <datafield tag="260" ind1=" " ind2=" ">
    <subfield code="a">London : Kogan Page,</subfield>
  </datafield>
  <datafield tag="300" ind1=" " ind2=" ">
    <subfield code="a">viii, 200 p.</subfield>
  </datafield>
  <datafield tag="505" ind1="0" ind2="0">
    <subfield code="a">Foreword -- Acknowledgements -- 1. Introductions - 2. What is "lecturing?" -- 3. Histories, philosophies and architecture -- 4. Why have lectures? -- 5. What can you do in your lectures? -- 6. Lecturing tools -- 7. What can students do in lectures? -- 8. Before and after lectures -- 9. Linking lectures to other teaching/learning activities -- 10. Inclusive lecturing: encompassing diverse students -- 11. How do I know how I'm doing? -- Appendix More definitions of "lecturing" -- Postscript -- References and further reading -- Index. </subfield>
  </datafield>
  <datafield tag="520" ind1=" " ind2=" ">
    <subfield code="a">Este libro es para cualquier persona que dicta c&#xE1;tedra en universidades o en escuelas superiores. Se ha escrito para ayudar a los catedr&#xE1;ticos, cualquiera que sea su experiencia, para entender los objetivos, actividades, trucos y t&#xE9;cnicas de dictar c&#xE1;tedra y para hacer su propia c&#xE1;tedra m&#xE1;s efectiva.</subfield>
  </datafield>
  <datafield tag="650" ind1="1" ind2="4">
    <subfield code="a">METODOLOGIA DE CATEDRA EN LA ENSE&#xD1;ANZA. \ CATEDRA Y DANDO CATEDRA \ ENSE&#xD1;ANDO EN LA UNIVERSIDAD.</subfield>
  </datafield>
  <datafield tag="700" ind1="1" ind2=" ">
    <subfield code="a">Race, Phil.</subfield>
  </datafield>
  <datafield tag="942" ind1=" " ind2=" ">
    <subfield code="c">BK</subfield>
  </datafield>
  <datafield tag="952" ind1=" " ind2=" ">
    <subfield code="0">0</subfield>
    <subfield code="1">0</subfield>
    <subfield code="4">0</subfield>
    <subfield code="7">0</subfield>
    <subfield code="8">GEN</subfield>
    <subfield code="a">FUSBC</subfield>
    <subfield code="b">FUSBC</subfield>
    <subfield code="d">2012-08-15</subfield>
    <subfield code="l">0</subfield>
    <subfield code="o">G 378.17 B87717m </subfield>
    <subfield code="p">17634</subfield>
    <subfield code="r">2019-12-12 00:00:00</subfield>
    <subfield code="t">1</subfield>
    <subfield code="w">2016-01-26</subfield>
    <subfield code="y">BK</subfield>
    <subfield code="B">0</subfield>
    <subfield code="C">3</subfield>
  </datafield>
  <datafield tag="999" ind1=" " ind2=" ">
    <subfield code="c">44323</subfield>
    <subfield code="d">44323</subfield>
  </datafield>
  <datafield tag="336" ind1=" " ind2=" ">
    <subfield code="a">texto</subfield>
    <subfield code="b">txt</subfield>
    <subfield code="2">rdacontent</subfield>
  </datafield>
  <datafield tag="337" ind1=" " ind2=" ">
    <subfield code="2">rdamedia</subfield>
    <subfield code="a">sin mediaci&#xF3;n</subfield>
    <subfield code="b">n</subfield>
  </datafield>
  <datafield tag="338" ind1=" " ind2=" ">
    <subfield code="2">rdacarrier</subfield>
    <subfield code="a">volumen</subfield>
    <subfield code="b">nc</subfield>
  </datafield>
</record>
